Northernmost Major Cities in the U.S. - Statistics

General Stats
  • This quiz has been taken 48,607 times
    12,651 since last reset
  • The average score is 16 of 21
Answer Stats
Latitude Population City % Correct
47.61° 4.15 m Seattle
98%
40.71° 19.9 m New York City
97%
42.36° 5.03 m Boston
95%
41.84° 9.41 m Chicago
95%
42.33° 4.40 m Detroit
92%
45.52° 2.54 m Portland
92%
44.98° 3.76 m Minneapolis
90%
39.95° 6.33 m Philadelphia
88%
41.48° 2.17 m Cleveland
83%
43.05° 1.57 m Milwaukee
80%
42.90° 1.16 m Buffalo
79%
39.79° 2.17 m Indianapolis
77%
40.42° 2.43 m Pittsburgh
77%
39.98° 2.23 m Columbus
74%
39.76° 3.05 m Denver
68%
40.75° 1.30 m Salt Lake City
53%
41.82° 1.70 m Providence
51%
41.76° 1.17 m Hartford
47%
41.26° 1.00 m Omaha
46%
43.17° 1.06 m Rochester
45%
42.96° 1.18 m Grand Rapids
35%
No matching quizzes found
Score Distribution
Percent of People with Each Score
Percentile by Number Answered
Your Score History
You have not taken this quiz since the last reset